=LDR 00000nam 2200000 4500 =001 000126 =020 $ISBN =082 $NO .DDC =100 $TAJUK PENGARANG =245 $JUDUL UTAMA =250 $EDISI =264 $KOTA TERBIT PENERBIT =300 $JUMLAH HALAMAN; DIMENSI =650 $SUBJEK TOPIK =905 $NOMOR PANGGIL KATALOG =336 $$a =337 $$a =338 $$a =005 20260702151432.0 =008 260702s2026\\\\\\\\\\\\\\\\\\\\\\\\\\\\\\\\\\\\\\\\\